THE INDIAN SALE OF GOODS ACT(III OF 1930) (Record no. 21685)

MARC details
000 -LEADER
fixed length control field 00307nam a22001217a 4500
003 - CONTROL NUMBER IDENTIFIER
control field SGT
082 ## - DEWEY DECIMAL CLASSIFICATION NUMBER
Classification number 346.040
Item number AIY
100 ## - MAIN ENTRY--PERSONAL NAME
Personal name AIYAR , P RAMANATHA
245 ## - TITLE STATEMENT
Title THE INDIAN SALE OF GOODS ACT(III OF 1930)
260 ## - PUBLICATION, DISTRIBUTION, ETC. (IMPRINT)
Place of publication, distribution, etc LAHORE , PAKISTAN
Name of publisher, distributor, etc UNIVERSITY BOOK AGENCY
Year of Publication 1930
300 ## - PAGE DESCRIPTION
No. of Pages XV , 208
942 ## - ADDED ENTRY ELEMENTS (KOHA)
Source of classification or shelving scheme Dewey Decimal Classification
Koha item type Books
Holdings
Withdrawn status Lost status Source of classification or shelving scheme Damaged status Not for loan Collection code Home library Current library Shelving location Date acquired SGTU Full call number Accession No. (Barcode) Date last seen Bill Date Koha item type
    Dewey Decimal Classification   Not For Loan LAW SGT Science & Social Sciences Library SGT Science & Social Sciences Library Reference Book 06/08/2021 SGTU 346.040 AIY FL2563 06/08/2021 06/08/2021 Books